Cartoon Characters Quiz! #1 - Statistics

General Stats
  • This quiz has been taken 155 times
  • The average score is 14 of 16
Answer Stats
Picture Answer % Correct
Mickey Mouse
98%
Spongebob
98%
Garfield
96%
Mario
96%
Minions
94%
Shrek
94%
Bugs Bunny
93%
Donald Duck
93%
Minnie Mouse
93%
Sonic
93%
Bart Simpson
90%
Snoopy
89%
Goofy
88%
Homer Simpson
88%
Daffy Duck
74%
Woody Woodpecker
56%
No matching quizzes found
Score Distribution
Percent of People with Each Score
Percentile by Number Answered
Your Score History
You have not taken this quiz